000 01943nam a22004213i 4500
001 EBC32004971
003 MiAaPQ
005 20251210142614.0
007 cr cnu||||||||
008 251205s2024 xx o ||||0 ger d
020 _a9783428592401
_q(electronic bk.)
020 _z9783428192403
040 _aMiAaPQ
_beng
_cMiAaPQ
100 1 _aBarkleit, Gerhard.
_967885
245 1 0 _aHeinz Barwich :
_bEin Unruhiger Weltverbesserer und die Kraft des Atoms.
250 _a1st ed.
264 1 _aBerlin :
_bDuncker & Humblot,
_c2024.
264 4 _c©2024.
300 _a1 online resource (247 pages)
336 _aText
_btxt
_2rdacontent
337 _aComputermedien
_bc
_2rdamedia
338 _aOnline Resource
_bcr
_2rdacarrier
500 _aE-Book-ProQuest / Fernzugriff nach Registrierung möglich
520 _aHeinz Barwich, Gründungsdirektor des Zentralinstituts für Kernforschung Rossendorf der Akademie der Wissenschaften, gehörte zu den wenigen herausragenden Physikern der DDR, die nach ihrer zehnjährigen Internierung in der Sowjetunion erfolgreich innovative Technologien implementierten. Zwischen Physik und Politik oszillierend suchte der brillante Individualist vergeblich, die Geheimdienste von Ost und West für seine Ziele zu instrumentalisieren. 1964 kehrte er der DDR den Rücken und verstarb 1966 in Köln.
600 _aBarwich, Heinz <1911-1966>
_967918
650 _aKerntechnik
_94288
650 _aKernenergiepolitik
_9725
650 _aSpionage
653 _aCold War.
653 _aNuclear energy.
655 _aFernzugriff
_9230
655 4 _aElectronic books.
776 0 8 _iPrint version:
_aBarkleit, Gerhard
_tHeinz Barwich
_dBerlin : Duncker & Humblot,c2024
_z9783428192403
856 4 0 _uhttps://ebookcentral.proquest.com/lib/maxweberstiftung-ebooks/detail.action?docID=32004971
_zVolltext
942 _cEB
_2z
999 _c73351
_d73351